[Event "Berliner Sommer"]
[Site "Berlin"]
[Date "1995.??.??"]
[Round "7"]
[White "Krakops, Maris"]
[Black "Sale, Srdjan"]
[Result "0-1"]
[WhiteElo "2525"]
[BlackElo "2445"]

1.e4 e6 2.Nc3 c5 3.Nf3 a6 4.d4 cxd4 5.Nxd4 Qc7 6.Bd3 Nf6 7.O-O Nc6 8.Be3 Ne5
9.Be2 b5 10.f4 Nc4 11.Bxc4 Qxc4 12.e5 Nd5 13.Nxd5 Qxd5 14.Qe2 Bb7 15.Nb3 Rc8
16.c3 Be7 17.Rad1 Qc4 18.Qf2 Bd5 19.Rd4 Qc7 20.Rxd5 exd5 21.Nd4 g6 22.f5 O-O
23.Qf4 g5 24.Qg3 f6 25.Bf4 Qb6 26.exf6 Bxf6 27.Bxg5 Kh8 28.Bxf6+ Qxf6 29.Qf4 Rfe8
30.h3 Re4 31.Qf2 b4 32.Qd2 Rg8 33.Kh1 a5 34.Qd3 Qg5 35.Qf3 Rf4 36.Qe2 Re4
37.Qf3 a4 38.a3 bxc3 39.bxc3 Rf4 40.Qe2 Re4 41.Qf2 Rf4 42.Qe2 Rxf1+ 43.Qxf1 Qe3
44.f6 Qe5 45.f7 Rf8 46.Qf3 Qg5 47.Nb5 Qg6 48.Qxd5 Rxf7 49.Qa8+ Qg8 50.Qa7 Qg3
51.Qd4+ Kg8 52.Qd5 Kg7 53.Qd4+ Kg6 54.Qc4 Qf4 55.Qd3+ Kg7 56.Kg1 Re7 57.Qd1 Qh4
58.Nd4 Re1+ 59.Kh2 Rxd1 60.Nb5 Rb1 61.Nd4 Rb3 62.Nc2 Rxc3  0-1

[Event "Berliner Sommer"]
[Site "Berlin"]
[Date "1995.??.??"]
[Round "8"]
[White "Berelovich, Aleksandar"]
[Black "Eingorn, Vereslav S"]
[Result "1/2-1/2"]
[WhiteElo "2455"]
[BlackElo "2600"]

1.e4 c5 2.Nf3 a6 3.Nc3 e6 4.d4 cxd4 5.Nxd4 Qc7 6.Be2 b5 7.f4 Bb7 8.Bf3 Nc6
9.Be3 Na5 10.Qd3 Bb4 11.a4 Nc4 12.Bc1 e5 13.Nf5 g6 14.Ne3 exf4 15.Nxc4 bxc4
16.Qd4 f6 17.Ke2 Bd6 18.a5 Be5 19.Qb6 Qxb6 20.axb6 Ne7 21.Rd1 h5 22.Kf1 Rc8
23.Ra4 Rc6 24.Rb4 a5 25.Rb5 Ba6 26.Rxa5 Rxb6 27.Na4 Rc6 28.Be2 Bc8 29.Rc5 Rxc5
30.Nxc5 d6 31.Na4 Bb7 32.Nc3 Ba6 33.Bd2 Kd7 34.Ra1 Ra8 35.b4 d5 36.exd5 Nf5
37.Ra5 Bb7 38.Rxa8 Bxa8 39.Bxc4 Bxc3 40.Bb5+ Ke7 41.Bxc3 Ne3+ 42.Ke2 Bxd5
43.g3 fxg3 44.hxg3 Nf5 45.Kf2 Nd6 46.Bd3 g5 47.Bd4 Ke6 48.b5 Be4 49.Bxe4 Nxe4+
50.Kf3 f5 51.b6 Kd7 52.Be3 Kc6 53.c4 Kb7 54.c5 Kc6 55.Bxg5 Nxg5+ 56.Kf4 Ne4
57.Kxf5 Nxg3+ 58.Kg5  1/2-1/2

[Event "Bern op"]
[Site "Bern"]
[Date "1995.??.??"]
[Round "8"]
[White "Breyther, Ruediger"]
[Black "Bellon Lopez, Juan Manuel"]
[Result "0-1"]
[WhiteElo "2360"]
[BlackElo "2480"]

1.e4 c5 2.Nf3 e6 3.d4 cxd4 4.Nxd4 a6 5.Nc3 Qb6 6.Nb3 Nc6 7.Be2 Nf6 8.O-O d6
9.a4 Qc7 10.a5 Be7 11.Be3 O-O 12.f4 Re8 13.Bf3 Bf8 14.Na4 d5 15.e5 Nd7 16.Nb6 Rb8
17.c4 d4 18.Bxd4 Nxa5 19.Nxd7 Nxb3 20.Nf6+ gxf6 21.Qxb3 b5 22.c5 Bxc5 23.Bxc5 Qxc5+
24.Kh1 f5 25.Rac1 Qe7 26.Qe3 Bb7 27.Bxb7 Rxb7 28.Rc6 a5 29.Qg3+ Kh8 30.Rd1 Rg8
31.Qf2 a4 32.Rcc1 Rd7 33.h3 b4 34.Ra1 Rxd1+ 35.Rxd1 Rc8 36.Qb6 a3 37.bxa3 bxa3
38.Qa6 Qf8 39.Rd7 Ra8 40.Ra7 Rxa7 41.Qxa7 h5 42.Qf2 Qa8 43.Qh4 a2 44.Qxh5+ Kg7
45.Qg5+ Kf8 46.Qh6+ Ke7 47.Qf6+ Kd7 48.Qxf7+ Kc6 49.Qxe6+ Kc5  0-1

[Event "Biel Credis op"]
[Site "Biel"]
[Date "1995.??.??"]
[Round "6"]
[White "Moor, Roger"]
[Black "Ilijin, Neboisa"]
[Result "0-1"]
[WhiteElo "2150"]
[BlackElo "2320"]

1.e4 c5 2.Nf3 e6 3.d4 cxd4 4.Nxd4 a6 5.Nc3 b5 6.Bd3 Bb7 7.O-O Nc6 8.Nxc6 Bxc6
9.a4 b4 10.Na2 Nf6 11.Bg5 Qa5 12.Bxf6 gxf6 13.Qd2 Rg8 14.c3 Bd6 15.g3 bxc3
16.Qxc3 Qxc3 17.Nxc3 Ke7 18.a5 Rgb8 19.Ra2 Be5 20.Rc1 Rb4 21.f3 Bd4+ 22.Kg2 h6
23.Ne2 Rxb2 24.Rxb2 Bxb2 25.Rb1 Be5 26.Rb6 Bc7 27.Rxa6 Rxa6 28.Bxa6 Bxa5
29.Bd3 Bb6 30.Nc3 Kd6 31.Kf1 f5 32.exf5 Bxf3 33.fxe6 fxe6 34.Ne4+ Ke5 35.Nd2 Bc6
36.Ke2 Kd4 37.Ba6 Bc7 38.Nf3+ Kc5 39.g4 Bxf3+ 40.Kxf3 Bxh2 41.Bc8 Kc6 42.Ke3 Kc7
43.Ba6 d5 44.Be2 Kd6 45.Ba6 e5  0-1

[Event "Biel Credis op"]
[Site "Biel"]
[Date "1995.??.??"]
[Round "9"]
[White "Moor, Roger"]
[Black "Veroci, Zsuzsa"]
[Result "1/2-1/2"]
[WhiteElo "2150"]
[BlackElo "2315"]

1.e4 c5 2.Nc3 e6 3.Nf3 a6 4.d4 cxd4 5.Nxd4 Qc7 6.Bd3 Nc6 7.Nxc6 dxc6 8.a4 e5
9.O-O Bc5 10.h3 Be6 11.Qe2 Nf6 12.Bc4 O-O 13.Bg5 Qe7 14.a5 Bd4 15.Nd1 h6
16.Bxf6 Qxf6 17.c3 Bc5 18.b4 Be7 19.Ne3 Rad8 20.Rad1 Rxd1 21.Rxd1 Rd8 22.Rxd8+ Bxd8
23.Bxa6 b6 24.axb6 Bxb6 25.c4 Bd4 26.Nc2 Bb2 27.c5 Qg5 28.Qe3 Qd8 29.Qd3 Qg5
30.Qe3 Qd8 31.Bf1 Qd1 32.Qd3 Qxd3 33.Bxd3 Kf8 34.b5 cxb5 35.Bxb5 Ke7 36.Kf1 g6
37.Ba4 Bc4+ 38.Ke1 Bd3 39.c6 Kd6 40.Ne3 Bc3+ 41.Kd1 Bxe4 42.Bb3 f5 43.c7  1/2-1/2

[Event "Biel op"]
[Site "Biel"]
[Date "1995.??.??"]
[Round "10"]
[White "Landa, Konstantin"]
[Black "Matamoros Franco, Carlos S"]
[Result "1-0"]
[WhiteElo "2515"]
[BlackElo "2430"]

1.Nf3 c5 2.e4 e6 3.Nc3 a6 4.d4 cxd4 5.Nxd4 b5 6.Bd3 Bb7 7.O-O d6 8.a4 bxa4
9.Rxa4 Nd7 10.Nb3 Ngf6 11.Qe2 Be7 12.Bxa6 Qb8 13.Bf4 O-O 14.Rfa1 Bxa6 15.Rxa6 Rxa6
16.Qxa6 Rc8 17.Qa7  1-0

[Event "Bled op-B"]
[Site "Bled"]
[Date "1995.??.??"]
[Round "3"]
[White "Simoncic, S."]
[Black "Rusjan, Miran"]
[Result "0-1"]
[WhiteElo "2160"]
[BlackElo "2235"]

1.e4 c5 2.Nf3 e6 3.d4 cxd4 4.Nxd4 a6 5.Nc3 Qc7 6.a3 b5 7.Bd3 Nc6 8.Be3 Nf6
9.O-O Bb7 10.Qf3 Bd6 11.Qh3 h5 12.Rfe1 Ng4 13.Rad1 Bxh2+ 14.Kh1 Bf4 15.Nd5 exd5
16.exd5 Bxe3 17.Rxe3+ Kf8 18.Qh4 g5  0-1

[Event "Bled op-B"]
[Site "Bled"]
[Date "1995.??.??"]
[Round "9"]
[White "Ipavec, Petra"]
[Black "Rusjan, Miran"]
[Result "1-0"]
[WhiteElo "2025"]
[BlackElo "2235"]

1.e4 c5 2.Nf3 e6 3.d4 cxd4 4.Nxd4 a6 5.Nc3 Qc7 6.Be2 b5 7.a3 Bb7 8.O-O Nf6
9.Qd3 d6 10.f4 Nbd7 11.Bf3 Be7 12.Bd2 Rc8 13.Rae1 Nb6 14.e5 dxe5 15.fxe5 Nfd5
16.Bxd5 Nxd5 17.Qg3 g6 18.Ne4 Nb6 19.Nd6+ Bxd6 20.exd6 Qd7 21.Nxe6 fxe6 22.Rf6 Bd5
23.Qg4 Rc4 24.Qh3 Rf8 25.Rfxe6+ Bxe6 26.Rxe6+ Kd8 27.Ba5 Rc6 28.Qe3 Kc8 29.Bxb6 Rxc2
30.h3 Rc6 31.Bc5 Rd8 32.Re7 Qf5 33.Bb4 Rd7 34.Re8+ Kb7 35.Re5 Qb1+ 36.Kh2 Qxb2
37.Qe4 Qc2 38.Qf3 Qc4 39.Rc5 Qxc5 40.Bxc5 a5 41.Qd5 Rd8 42.Qf7+ Kc8 43.Qa7  1-0

[Event "Bonn GSK-2"]
[Site "Bonn"]
[Date "1995.??.??"]
[Round "3"]
[White "Proehl, Holger"]
[Black "Kveinys, Aloyzas"]
[Result "1-0"]
[WhiteElo "2365"]
[BlackElo "2515"]

1.e4 c5 2.Nf3 e6 3.d4 cxd4 4.Nxd4 a6 5.Nc3 b5 6.a3 Bb7 7.Be2 d6 8.f4 Nd7
9.O-O Ngf6 10.Bf3 Qc7 11.Kh1 Be7 12.Qe1 O-O 13.e5 Bxf3 14.exf6 Bxf6 15.Nxf3  1-0

[Event "Bratislava op"]
[Site "Bratislava"]
[Date "1995.??.??"]
[Round "5"]
[White "Stec, A."]
[Black "Lakatos, Vladimir"]
[Result "0-1"]
[WhiteElo "2065"]
[BlackElo "1945"]

1.e4 c5 2.Nf3 e6 3.d4 cxd4 4.Nxd4 a6 5.Nc3 Qc7 6.Bd3 Nf6 7.Be3 b5 8.f4 Bb4
9.Ne2 Ng4 10.Bd4 Nc6 11.a3 Ba5 12.Qd2 Nxd4 13.Nxd4 Bb7 14.b4 Bb6 15.Be2 Nf6
16.e5 Bxg2 17.exf6 Bxh1 18.fxg7 Bxd4 19.Qxd4 Rg8 20.O-O-O Rc8 21.Kb2 Bb7
22.Bh5 Ke7 23.f5 f6 24.Rd2 Rxg7 25.fxe6 dxe6 26.Rf2 e5 27.Qe3 Rg2 28.Rf1 Rxh2
29.Bg4 Rd8 30.Rc1 Qc6 31.Qa7 Rd4 32.Bf5 Rhh4 33.Nd1 Rhf4 34.Ne3 Qc7 35.Rh1 Kd6
36.Rc1 Be4 37.Qxa6+ Qc6 38.Qa7 Bxf5 39.c3 Rd2+ 40.Kb3 Qc7 41.Qa6+ Qc6 42.Qa5  0-1

[Event "RUS-sf"]
[Site "Briansk"]
[Date "1995.??.??"]
[Round "3"]
[White "Bigaliev, Renat"]
[Black "Kozhevin, Sergey"]
[Result "1/2-1/2"]
[WhiteElo "2345"]
[BlackElo "2320"]

1.e4 c5 2.Nf3 e6 3.Nc3 a6 4.d4 cxd4 5.Nxd4 d6 6.f4 Nf6 7.Be3 Be7 8.Qf3 Qc7
9.Bd3 b5 10.a3 Bb7 11.O-O Nc6 12.Rae1 O-O 13.Qg3 Nxd4 14.Bxd4 e5 15.fxe5 Nh5
16.Qe3 dxe5 17.Bb6 Qd6 18.Rd1 Nf4 19.Ne2 Qg6 20.Nxf4 exf4 21.Qf2 Bxe4 22.Bxe4 Qxe4
23.Rd4 Qe3  1/2-1/2

[Event "RUS-chT"]
[Site "Briansk"]
[Date "1995.??.??"]
[Round "5"]
[White "Lukovnikov, A."]
[Black "Landa, Konstantin"]
[Result "0-1"]
[WhiteElo "2305"]
[BlackElo "2500"]

1.e4 c5 2.Nf3 e6 3.d4 cxd4 4.Nxd4 a6 5.Nc3 Qc7 6.g3 Nf6 7.Bg2 Nc6 8.O-O Bc5
9.Bf4 e5 10.Nb3 exf4 11.Nxc5 O-O 12.Nd3 fxg3 13.fxg3 Qd6 14.Kh1 Ne5 15.Nxe5 Qxe5
16.Rf5 Qe6 17.Qd4 d6 18.Raf1 Ng4 19.Qd2 b5 20.Nd5 Ra7 21.h3 Qh6 22.Qd4 Rb7
23.R5f4 Ne5 24.Kh2 Be6 25.Ne3 Rd8 26.c3 Qh5 27.Nf5 Rbd7 28.a3 Rb8 29.h4 Rbd8
30.Ne3 Rc8 31.Nf5 Rcd8 32.Qd2 Qg6 33.Ne3 Rc8 34.Nf5 a5  0-1

[Event "RUS-sf"]
[Site "Briansk"]
[Date "1995.??.??"]
[Round "9"]
[White "Daniliuk, Sergey"]
[Black "Bragin, A."]
[Result "1-0"]
[WhiteElo "2445"]
[BlackElo "2390"]

1.e4 c5 2.Nf3 e6 3.d4 cxd4 4.Nxd4 a6 5.Nc3 Qc7 6.Be2 b5 7.Bf3 Bb7 8.O-O d6
9.a3 Nd7 10.g3 Ngf6 11.Bg2 Be7 12.f4 O-O 13.g4 d5 14.exd5 Nxd5 15.Nxd5 Bxd5
16.Bxd5 exd5 17.Nf5 Bc5+ 18.Kh1 Rfe8 19.Qxd5 Nf6 20.Qg2 Rad8 21.b4 Bd4 22.Nxd4 Rxd4
23.Bb2 Rxf4 24.Bxf6 Rxf6 25.Rxf6 gxf6 26.Rf1 Qc4 27.Qf3 Re3 28.Qxf6 Qe4+
29.Kg1 Qxg4+ 30.Kh1 Qe4+ 31.Kg1 Qg6+ 32.Qxg6+ hxg6 33.Ra1 Rc3 34.a4 Rxc2
35.axb5 axb5 36.Ra5 Rb2 37.Rxb5 Kg7 38.Rb6 g5 39.h3 f6 40.b5 Kg6 41.Kh1 Kf5
42.Kg1 Ke5 43.Kh1 f5 44.Rg6 g4 45.hxg4 f4 46.g5 Kf5 47.Rc6 f3 48.Rc1 Kg4
49.g6 Kh3 50.g7 Rh2+ 51.Kg1 Rg2+ 52.Kf1 Rxg7 53.Rc4 Rg2 54.Rb4  1-0

[Event "Brussels op"]
[Site "Brussels"]
[Date "1995.??.??"]
[Round "?"]
[White "Bolzoni, Victor Angel"]
[Black "Chuchelov, Vladimir"]
[Result "0-1"]
[WhiteElo "2330"]
[BlackElo "2530"]

1.e4 c5 2.Nf3 e6 3.d4 cxd4 4.Nxd4 a6 5.Nc3 Qc7 6.Be3 Bb4 7.Qd2 Nf6 8.f3 d5
9.exd5 Nxd5 10.Nde2 Nxe3 11.Qxe3 O-O 12.O-O-O Nc6 13.Kb1 b5 14.Nc1 Bb7 15.Ne4 Be7
16.Nd3 Rfd8 17.Be2 Nd4 18.c3 Nxe2 19.Qxe2 a5 20.g3 Bd5 21.Nf4 Bc4 22.Qc2 e5
23.Nh3 a4 24.Rd2 f5 25.Nef2 Rxd2 26.Qxd2 Be6 27.Re1 Qc4 28.Qc2 Qxa2+ 29.Kc1 a3
30.bxa3 Qxa3+ 31.Qb2 Qa4 32.Qc2 Bb3  0-1

[Event "Bucharest"]
[Site "Bucharest"]
[Date "1995.??.??"]
[Round "9"]
[White "Popescu, Daniel Dorin"]
[Black "Dumitran, Octavian"]
[Result "1-0"]
[WhiteElo "2420"]
[BlackElo "2380"]

1.e4 c5 2.Nf3 e6 3.d4 cxd4 4.Nxd4 a6 5.Nc3 Qc7 6.g3 Nf6 7.Bg2 d6 8.O-O Bd7
9.Re1 Be7 10.a4 Nc6 11.Nxc6 Bxc6 12.a5 O-O 13.Be3 Nd7 14.Na4 Nc5 15.Nb6 Rad8
16.Bd4 Nd7 17.c4 Rfe8 18.Qd2 Bf6 19.Bxf6 Nxf6 20.b4 Nd7 21.Qe3 Kf8 22.Rac1 Qb8
23.Red1 Re7 24.Rd2 Nxb6 25.Qxb6 Qc7 26.Qd4 Be8 27.Rc3 Red7 28.h4 Rb8 29.Qa7 h6
30.Kh2 Qc8 31.Qe3 Qd8 32.e5 dxe5 33.Rxd7 Qxd7 34.Qxe5 Rc8 35.c5 Kg8 36.Qe4 Rc7
37.Rd3 Qe7 38.Rd6 Bc6 39.Qd3 Be8 40.Rd8 f5 41.Qd6  1-0

[Event "Budapest FS07 IM-A"]
[Site "Budapest"]
[Date "1995.??.??"]
[Round "?"]
[White "Cao Sang"]
[Black "Orso, Miklos"]
[Result "1/2-1/2"]
[WhiteElo "2420"]
[BlackElo "2400"]

1.e4 c5 2.Nf3 e6 3.d4 cxd4 4.Nxd4 a6 5.Nc3 Qc7 6.Be2 b5 7.O-O Bb7 8.Bf3 Nc6
9.g3 Nf6 10.Nxc6 dxc6 11.Qe2 e5 12.Nd1 Bc5 13.Be3 Be7 14.a4 O-O 15.Bg5 h6
16.Bxf6 Bxf6 17.Ne3 g6 18.c4 b4 19.a5 Be7 20.Nc2 Bc8 21.Qd2 Qd8 22.Qe3 Kg7
23.c5 Rb8 24.Ra4 Rb5 25.Rd1 Qc7 26.Nxb4 Bxc5 27.Qc3 Bxb4 28.Rxb4 Qxa5 29.Rc4 Qxc3
30.bxc3 Rb6 31.Kg2 Be6 32.Rc5 Kf6 33.Be2 Ra8 34.Ra1 Ra7 35.Rca5 Bc8 36.Bc4 Rb8
37.Rd1 Rb6 38.Rda1 Be6 39.Rxa6 Raxa6 40.Rxa6 Rxa6 41.Bxa6 Ke7 42.Kf3 Kd6
43.Ke3 Kc5 44.Be2 Bc4 45.Bd1 g5 46.f4  1/2-1/2

[Event "HUN-ch Super"]
[Site "Budapest"]
[Date "1995.??.??"]
[Round "3"]
[White "Fogarasi, Tibor"]
[Black "Horvath, Csaba"]
[Result "1-0"]
[WhiteElo "2515"]
[BlackElo "2530"]

1.e4 c5 2.Nf3 e6 3.d4 cxd4 4.Nxd4 a6 5.Nc3 Qc7 6.f4 b5 7.Bd3 Bb7 8.Qf3 Nf6
9.Be3 Bb4 10.O-O Bxc3 11.bxc3 Nc6 12.Nb3 Ne7 13.Bd4 d6 14.a4 bxa4 15.Rxa4 Bc6
16.Raa1 a5 17.Nd2 d5 18.Bxf6 gxf6 19.f5 e5 20.exd5 Bxd5 21.Be4 Qc6 22.c4 Bxe4
23.Nxe4 O-O 24.Qg4+ Kh8 25.Qh4 Rg8 26.Ra3 Rad8 27.Qxf6+ Qxf6 28.Nxf6 Rg5
29.Ne4 Rxf5 30.Rxf5 Nxf5 31.Rxa5 Ne3 32.c5 Nxc2 33.c6 Rc8 34.Nd6 Rxc6 35.Nxf7+ Kg7
36.Nxe5 Re6 37.Ra7+ Kh6 38.Nf3 Ne3 39.Rxh7+ Kg6 40.Ra7 Rb6 41.Kf2 Ng4+ 42.Kg3 Ne3
43.Ra3 Nf5+ 44.Kh3 Rb4 45.Rd3 Ra4 46.g4 Nh6 47.Rd6+ Kg7 48.Rd4 Ra3 49.Kg3 Nf7
50.Kf4 Nh8 51.g5 Ra1 52.h4 Rf1 53.h5 Nf7 54.Rd3 Rf2 55.g6 Nh6 56.Rd7+ Kf6
57.Rh7 Ng8 58.Rf7+ Ke6 59.Kg3 Ra2 60.Ng5+ Ke5 61.g7 Nh6 62.Rf8 Ra3+ 63.Nf3+ Ke6
64.g8=Q+ Nxg8 65.Rxg8 Kf7 66.Rg4 Ra5 67.Kh4 Rf5 68.Nd4 Rf1 69.Kg5 Kg7 70.Nf5+ Kh7
71.Ra4 Rg1+ 72.Kf6 Rg2 73.Ra7+ Kh8 74.Nh4 Rf2+ 75.Kg6  1-0

[Event "Budapest FS11 IM-B"]
[Site "Budapest"]
[Date "1995.??.??"]
[Round "4"]
[White "Levacic, Patrick"]
[Black "Meixner, Ferenc"]
[Result "1/2-1/2"]
[WhiteElo "2345"]
[BlackElo "2215"]

1.e4 c5 2.Nf3 e6 3.d4 cxd4 4.Nxd4 a6 5.Nc3 Qc7 6.a3 Nf6 7.Be2 b5 8.O-O Bb7
9.Bf3 d6 10.g3 Be7 11.Qd2 O-O 12.b3 Rd8 13.Qe3 d5 14.exd5 Bc5 15.Re1 e5 16.d6 Qxd6
17.Bxb7 Bxd4 18.Qf3 Ra7 19.Bg5 Nbd7 20.Rad1 Qc7 21.Bxf6 gxf6 22.Nd5 Qxb7
23.c3 Bb6 24.Ne7+ Kf8 25.Nd5 Nc5 26.c4 Qc6 27.Qf5 Rad7 28.b4 bxc4 29.bxc5 Rxd5
30.Rxd5 Rxd5 31.cxb6 Qxb6 32.Qxh7 c3 33.Qh8+ Ke7 34.Qc8 Rd7 35.Qxc3 a5 36.h4 Qe6
37.Qc5+ Qd6 38.Qxa5 Qd3 39.Qc5+ Ke6 40.Qe3  1/2-1/2

[Event "Budapest Statistika"]
[Site "Budapest"]
[Date "1995.??.??"]
[Round "5"]
[White "Doric, Nenad"]
[Black "Kraschl, Joerg"]
[Result "0-1"]
[WhiteElo "2245"]
[BlackElo "2320"]

1.e4 c5 2.Nf3 e6 3.Nc3 a6 4.d4 cxd4 5.Nxd4 d6 6.g3 Nf6 7.Bg2 Be7 8.O-O O-O
9.Re1 Qc7 10.a4 Nc6 11.Nde2 Rb8 12.b3 Rd8 13.Bb2 b5 14.axb5 axb5 15.Nf4 b4
16.Nce2 Bb7 17.Qd2 Ba8 18.Nc1 Qb6 19.Ra4 Nd7 20.Ncd3 Nc5 21.Nxc5 dxc5 22.Qe2 Nd4
23.Bxd4 Rxd4 24.e5 Bxg2 25.Nxg2 c4 26.bxc4 Rbd8 27.Qf3 Rd2 28.Ne3 Qc7 29.Ra8 Qxe5
30.Rxd8+ Rxd8 31.Rd1 Rxd1+ 32.Qxd1 g6 33.Qd3 h5 34.h4 Bc5 35.Kg2 Kg7 36.Kf3 Qa1
37.Kg2 Qa8+ 38.f3 Qa3 39.Nf1 Qxd3 40.cxd3 b3 41.Nd2 b2 42.g4 Kf6 43.gxh5 gxh5
44.f4 Be3 45.Nb1 Bxf4 46.Kf3 Be5 47.Ke4 Bg3 48.c5 Bxh4 49.c6 Ke7  0-1

[Event "Budapest"]
[Site "Budapest"]
[Date "1995.??.??"]
[Round "5"]
[White "Riegler, Primoz"]
[Black "Izsak, Gyula"]
[Result "1/2-1/2"]
[WhiteElo "2335"]
[BlackElo "2445"]

1.e4 c5 2.Nf3 e6 3.d4 cxd4 4.Nxd4 a6 5.Nc3 Qc7 6.Bd3 Nf6 7.O-O d6 8.Kh1 Be7
9.f4 O-O 10.Qe2 Rd8 11.Nf3 Nc6 12.a3 Nd7 13.Nd5 exd5 14.exd5 Bf6 15.dxc6 bxc6
16.Ng5 Bxg5 17.fxg5 Ne5 18.Bf4 Bg4 19.Qe4 Nxd3 20.Qxd3 Qd7 21.b4 Bf5 22.Qxd6 Qxd6
23.Bxd6 Bxc2 24.Rf2 Be4 25.Bc5 Bd5 26.Rd2 Re8 27.Kg1 Re4 28.h3 Rae8 29.Rc1 Re2
30.Rxe2 Rxe2 31.Bf2 Kf8 32.Re1 Rxe1+  1/2-1/2

[Event "HUN-ch (Women)"]
[Site "Budapest"]
[Date "1995.??.??"]
[Round "5"]
[White "Grabics, Monika"]
[Black "Porubszky Angyalosine, Maria A"]
[Result "1/2-1/2"]
[WhiteElo "2315"]
[BlackElo "2225"]

1.e4 c5 2.Nf3 e6 3.d4 cxd4 4.Nxd4 a6 5.Nc3 Qc7 6.f4 d6 7.Be3 Nf6 8.Bd3 Be7
9.Qf3 Nbd7 10.g4 Nc5 11.g5 Nfd7 12.h4 Nxd3+ 13.cxd3 Nc5 14.Rd1 b5 15.a3 Rb8
16.f5 b4 17.axb4 Rxb4 18.fxe6 fxe6 19.O-O Bf8 20.Rf2 g6 21.Na2 Rb8 22.b4 Nb7
23.Rc1 Qg7 24.Rfc2 Bd7 25.Rc7 Be7 26.Nc6 Bxc6 27.R1xc6 Nd8 28.Rxa6 Rf8 29.Qd1 Qe5
30.Kg2 Rf7 31.Qc2 d5 32.d4 Qxe4+ 33.Qxe4 dxe4 34.Ra4 Rf3 35.Raa7 Bd6 36.Rc3 Bxb4
37.Nxb4 Rxb4 38.Ra2 Rb1 39.Rf2 Rxf2+ 40.Bxf2 Rb2 41.Re3 Kd7 42.Rxe4 Nf7 43.Kf3 Nd6
44.Re3 Nf5 45.Ra3 Rb7 46.Ra6 Ke7 47.Kf4 Rd7 48.Ke5 Rd5+ 49.Ke4 Rd7 50.Ra4 Nd6+
51.Ke5 Nf5 52.Ra8 h5 53.gxh6 Nxh6 54.Be1 Ng4+ 55.Ke4 Nf6+ 56.Ke3 Ng4+ 57.Ke4 Nf6+  1/2-1/2

[Event "HUN-ch"]
[Site "Budapest"]
[Date "1995.??.??"]
[Round "7"]
[White "Tolnai, Tibor"]
[Black "Petran, Pal"]
[Result "1-0"]
[WhiteElo "2470"]
[BlackElo "2470"]

1.d4 c5 2.e4 cxd4 3.Nf3 e6 4.Nxd4 a6 5.Nc3 Qc7 6.f4 b5 7.Bd3 Bb7 8.Qf3 Nf6
9.Be3 Bc5 10.Nce2 h5 11.h3 h4 12.O-O-O b4 13.Kb1 Qb6 14.Rhe1 Nc6 15.Nxc6 Bxc6
16.Bxc5 Qxc5 17.Nc1 a5 18.Nb3 Qb6 19.Nd2 a4 20.Nc4 Qc5 21.Ne5 Bb7 22.Ng4 a3
23.Qe3 Qxe3 24.Rxe3 Ke7 25.Bb5 Bc6 26.Bxc6 dxc6 27.Ne5 Rhc8 28.bxa3 bxa3
29.Rdd3 Rc7 30.Rxa3 Rxa3 31.Rxa3 Nxe4 32.Nf3 Ng3 33.Nxh4 f5 34.Rxg3  1-0

[Event "Budapest FS08 GM"]
[Site "Budapest"]
[Date "1995.??.??"]
[Round "7"]
[White "Enders, Peter"]
[Black "Sziebert, Adam"]
[Result "1-0"]
[WhiteElo "2470"]
[BlackElo "2390"]

1.e4 c5 2.Nf3 e6 3.d4 cxd4 4.Nxd4 a6 5.Nc3 Qc7 6.Be2 Nf6 7.O-O Nc6 8.Be3 Bb4
9.Na4 Be7 10.c4 Nxe4 11.c5 O-O 12.Rc1 f5 13.g3 Kh8 14.Bf3 Ng5 15.Nb6 Rb8
16.Bg2 Nxd4 17.Qxd4 e5 18.Qc3 Nf7 19.Rfd1 Qd8 20.Bd5 Bf6 21.Qd2 d6 22.Bxf7 Rxf7
23.Qxd6 Qxd6 24.cxd6 Be6 25.d7 Rd8 26.Rd6 f4 27.Rxe6 fxe3 28.fxe3 Kg8 29.Rc7 Re7
30.Rxe7 Bxe7 31.Rxb7 Bc5 32.Nc4 Kf8 33.Nxe5 Bxe3+ 34.Kg2  1-0

[Event "Budapest Hungaroil"]
[Site "Budapest"]
[Date "1995.??.??"]
[Round "10"]
[White "Fogarasi, Tibor"]
[Black "Gaertner, Guntram"]
[Result "1-0"]
[WhiteElo "2500"]
[BlackElo "2275"]

1.e4 c5 2.Nf3 e6 3.d4 cxd4 4.Nxd4 a6 5.Nc3 b5 6.Bd3 Ne7 7.O-O Nbc6 8.Nb3 Na5
9.f4 Nxb3 10.axb3 Bb7 11.f5 Nc6 12.Bf4 Bc5+ 13.Kh1 O-O 14.e5 exf5 15.Bxf5 Nd4
16.Be4 Bxe4 17.Nxe4 Ne6 18.Qh5 Qe7 19.Rf3 Nxf4 20.Rxf4 h6 21.b4 Be3 22.Nf6+ Kh8
23.Nd5 Qg5 24.Qxg5 hxg5 25.Rf3  1-0

[Event "Budapest FS05 GM"]
[Site "Budapest"]
[Date "1995.??.??"]
[Round "10"]
[White "Bigaliev, Renat"]
[Black "Wallace, John Paul"]
[Result "1-0"]
[WhiteElo "2345"]
[BlackElo "2345"]

1.e4 c5 2.Nf3 e6 3.Nc3 a6 4.d4 cxd4 5.Nxd4 d6 6.g3 b5 7.Bg2 Bb7 8.O-O Qc7
9.Re1 Nf6 10.Bg5 Be7 11.Bxf6 gxf6 12.Qh5 O-O 13.Nd5 Qd8 14.Nf5 exf5 15.exf5 Kh8
16.Nxe7 Bxg2 17.Qh6 Nd7 18.Ng6+ fxg6 19.fxg6 Rf7 20.gxf7 Bc6 21.Re8+ Qxe8
22.fxe8=R+ Rxe8 23.f4 Re2 24.Rd1  1-0

[Event "Budapest Elekes"]
[Site "Budapest"]
[Date "1995.??.??"]
[Round "11"]
[White "Enders, Peter"]
[Black "Horvath, Csaba"]
[Result "1-0"]
[WhiteElo "2480"]
[BlackElo "2500"]

1.e4 c5 2.Nf3 e6 3.d4 cxd4 4.Nxd4 a6 5.Nc3 Qc7 6.Be2 b5 7.f4 Bb7 8.Bf3 Nc6
9.Nxc6 dxc6 10.O-O e5 11.f5 Nf6 12.g4 Bc5+ 13.Kg2 h6 14.h4 Bd4 15.g5 hxg5
16.hxg5 O-O-O 17.Rh1 Bxc3 18.Rxh8 Rxh8 19.gxf6 Bd4 20.fxg7 Rg8 21.f6 Qd8
22.Bg4+ Kc7 23.Qf3 Bb6 24.Bg5 Bc8 25.Rd1 Qe8 26.Bxc8 Qxc8 27.Qf5  1-0

[Event "Buenos Aires Clarin op"]
[Site "Buenos Aires"]
[Date "1995.??.??"]
[Round "1"]
[White "Iglesias, Alejandro"]
[Black "Spangenberg, Hugo"]
[Result "1-0"]
[WhiteElo "2200"]
[BlackElo "2500"]

1.e4 c5 2.Nf3 e6 3.d4 cxd4 4.Nxd4 a6 5.Nc3 Qc7 6.Bd3 g6 7.O-O Bg7 8.Nb3 Nf6
9.f4 d6 10.Qe1 O-O 11.Qh4 Nbd7 12.Bd2 b5 13.a3 Bb7 14.Rae1 d5 15.e5 Ne4 16.Nxe4 dxe4
17.Bxe4 Bxe4 18.Rxe4 Qxc2 19.Re3 Rfc8 20.Rh3 h5 21.g4 a5 22.gxh5 a4 23.hxg6 fxg6
24.f5 gxf5 25.Qh7+ Kf7 26.Rg3 Rg8 27.Qg6+ Ke7 28.Bb4+ Kd8 29.Nd4 Qe4 30.Nxe6+ Kc8
31.Rc1+ Kb8 32.Qf7  1-0

[Event "Buenos Aires op"]
[Site "Buenos Aires"]
[Date "1995.??.??"]
[Round "2"]
[White "German, Sergio"]
[Black "Panno, Oscar"]
[Result "1/2-1/2"]
[WhiteElo "2275"]
[BlackElo "2530"]

1.e4 c5 2.Nf3 e6 3.d4 cxd4 4.Nxd4 a6 5.Nc3 Qc7 6.Bd3 Nc6 7.Nxc6 bxc6 8.O-O Nf6
9.Qe2 d5 10.Bg5 Bb7 11.f4 h6 12.Bh4 Be7 13.e5 Nd7 14.Bxe7 Kxe7 15.Na4 c5
16.c4 d4 17.Be4 Bc6 18.b3 g6 19.Nb2 Qb7 20.Bxc6 Qxc6 21.Nd3 a5 22.Qf2 Kf8
23.a3 Kg7 24.b4 cxb4 25.Qxd4 Rhd8 26.axb4 Nb6 27.Qc5 Qxc5+ 28.bxc5 Nxc4 29.Rfc1 Nd2
30.Ra3 a4 31.Nb2 Nb3 32.Rc4 Rd2 33.Nxa4 Nxc5 34.Rxc5 Rd4 35.g3 Raxa4 36.Rxa4 Rxa4
37.h4 g5 38.hxg5 hxg5 39.fxg5 Ra2 40.Kf1 Kg6 41.Rc3 Ra5 42.Re3 Kxg5 43.Rf3 Kg4
44.Re3 Ra4 45.Kg2 Ra2+ 46.Kf1  1/2-1/2

[Event "Buenos Aires IVESS op"]
[Site "Buenos Aires"]
[Date "1995.??.??"]
[Round "4"]
[White "Bustos, Cristian"]
[Black "Di Tomaso, Osvaldo A"]
[Result "1/2-1/2"]
[WhiteElo "2275"]
[BlackElo "2165"]

1.e4 c5 2.Nf3 e6 3.d4 cxd4 4.Nxd4 a6 5.Nc3 Qc7 6.Be3 Nf6 7.Bd3 b5 8.a3 Bb7
9.O-O Nc6 10.Nxc6 Qxc6 11.Qe2 Be7 12.f3 d6 13.Nxb5 O-O 14.Nc3 Rab8 15.Kh1 Nd7
16.Bd4 Rfc8 17.Rfd1 Nc5 18.Qf2 Ba8 19.Qg3 Bf8 20.Bxc5 dxc5 21.e5 c4 22.Be4 Qb6
23.Rab1 Rd8 24.Qf4 Rxd1+ 25.Nxd1 Bxe4 26.Qxe4 Qc7 27.Nc3 g6 28.h4 Qc5 29.Qe2 Qd4
30.g3 Qc5 31.f4 h6 32.Kh2 Qc6 33.h5 Be7 34.hxg6 fxg6 35.Ne4  1/2-1/2

[Event "Buenos Aires op"]
[Site "Buenos Aires"]
[Date "1995.??.??"]
[Round "9"]
[White "Zarnicki, Pablo"]
[Black "Paglilla, Carlos"]
[Result "1-0"]
[WhiteElo "2520"]
[BlackElo "2400"]

1.e4 c5 2.Nf3 Qc7 3.Nc3 a6 4.d4 cxd4 5.Nd5 Qd8 6.Nxd4 e6 7.Nc3 Qc7 8.Bd3 Nc6
9.Be3 Nf6 10.O-O d6 11.f4 Be7 12.Qf3 Bd7 13.Qg3 g6 14.Nf3 b5 15.a3 Na5 16.f5 Nc4
17.Bxc4 bxc4 18.Bg5 Qc5+ 19.Kh1 Nh5 20.Qh4 f6 21.Bh6 exf5 22.Nd5 f4 23.Bxf4 Nxf4
24.Qxf4 Rf8 25.b4 Qa7 26.Rad1 Be6 27.Nxe7 Qxe7 28.Rxd6 g5 29.Qg3 h5 30.Rfd1 h4
31.Qf2 h3 32.Qb6 hxg2+ 33.Kxg2 Bg4 34.Qc6+ Kf7 35.Rd7  1-0

[Event "BUL-ch rapid"]
[Site "?"]
[Date "1995.??.??"]
[Round "?"]
[White "Dimitrov, Vladimir"]
[Black "Georgiev, Vladimir"]
[Result "0-1"]
[WhiteElo "2505"]
[BlackElo "2450"]

1.e4 c5 2.Nf3 a6 3.Nc3 e6 4.d4 cxd4 5.Nxd4 b5 6.Bd3 Qb6 7.Nb3 Qc7 8.O-O Bb7
9.Bd2 Nf6 10.Qe2 h5 11.h3 b4 12.Nd1 Nc6 13.c3 d5 14.exd5 Nxd5 15.Be4 Nf6
16.Bf3 a5 17.cxb4 axb4 18.Qc4 Nd7 19.Bf4 Bd6 20.Bxd6 Qxd6 21.Qb5 Rb8 22.Ne3 Ba8
23.Qa4 Nde5 24.Be2 O-O 25.Rfd1 Qe7 26.Rac1 f5 27.f4 Ng6 28.Rf1 Qd6 29.g3 h4
30.Rfd1 Qc7 31.Nd4 hxg3 32.Nxe6 Qb6 33.Nc5 Nxf4 34.Bf1 Ne5 35.Qb3+ Kh8 36.Nd5 Nxd5
37.Rxd5 Bxd5 38.Qxd5 Rbe8 39.Kg2 f4 40.Ne4 Qh6 41.Rc7 Qg6  0-1